00338nam a22000977a 4500003000400000008004100004245002600045250008100071260005000152650003800202OSt201218b ||||| |||| 00| 0 eng d aClaro : Fuzzy Systems a2016(Jan-Mar Vol.2016, Apr-Jun Vol.2016, Jul-Sep Vol.2016, Oct-Dec Vol.2016) aAhmedabadbClaro Publications Private Limited aBachelor of Computer Applications